000 00852nam a2200301Ia 4500
001 8651
005 20240113234126.0
007 ta
008 050720s1991 a g b000 u eng u
020 _a0-87692-791-6
040 _aCotton College Assam
041 _aeng
082 _a370.15
_bBa 23 So
100 _aBrown , Robert A. .
245 0 _aSocial Psychology: Understanding Human Interaction /
_cRobert A. Brown & Donn Byrne.
_hTextual Documents
250 _a6th ed /
260 _aNew Delhi :
_bPrentice-Hall of India(Pvt Ltd) ,
_c1991.
300 _axviii,707p. :
_bill. ;
_c23cm. .
504 _aIndex
653 _aEducation
653 _aSocial Psychology-Human Interaction
653 _aHuman Interaction
700 _aByrne, Donn.
942 _2ddc
_cBK
999 _c8638
_d8638